[Event "NCL978 Guildford-Richmond"]
[Site "Rd5"]
[Date "1998.01.24"]
[Round "5.6"]
[White "Hinks-Edwards, Tom"]
[Black "Thompson, Ian"]
[Result "1-0"]
[WhiteElo "2260"]
[BlackElo "2275"]
[PlyCount "65"]
[EventDate "1998.01.24"]
[Source "4NCL"]
[SourceDate "1998.01.01"]

1. e4 e6 2. d4 d5 3. Nc3 Bb4 4. e5 Ne7 5. Bd2 c5 6. dxc5 Nbc6 7. Qg4 Ng6 8. f4
O-O 9. Bd3 f5 10. Qg3 Bxc5 11. Nf3 a6 12. h4 Nh8 13. h5 b5 14. Qh3 Nb4 15. g4
d4 16. Ne2 Bb7 17. Bxb4 Bxb4+ 18. Kf2 Be4 19. gxf5 Bxd3 20. cxd3 Rxf5 21. Nh4
Rf7 22. Qxe6 Rb8 23. Nf3 Kf8 24. Rac1 Re7 25. Qf5+ Nf7 26. Rc6 Kg8 27. Rhc1 Re8
28. Ng3 Nh6 29. Rxh6 gxh6 30. Ne4 Be7 31. Rg1+ Kh8 32. Qf7 Bh4+ 33. Ke2 {time}
1-0

[Event "NCL978 Guildford-Richmond"]
[Site "Rd5"]
[Date "1998.01.24"]
[Round "5.7"]
[White "Abayasekera, Roger"]
[Black "Franklin, Michael"]
[Result "0-1"]
[WhiteElo "2230"]
[BlackElo "2195"]
[PlyCount "72"]
[EventDate "1998.01.24"]
[Source "4NCL"]
[SourceDate "1998.01.01"]

1. Nf3 Nf6 2. g3 d5 3. Bg2 c6 4. O-O Bf5 5. d3 h6 6. Nbd2 e6 7. Qe1 Be7 8. e4
Bh7 9. Qe2 O-O 10. Kh1 a5 11. e5 Nfd7 12. Bh3 Re8 13. Re1 Na6 14. Nf1 Nac5 15.
Be3 Qc7 16. Bg4 b6 17. h4 Bf8 18. Bf4 a4 19. a3 Nb7 20. N3d2 Na5 21. Qe3 b5 22.
Bd1 Qb7 23. c3 Nc5 24. Bc2 Nc4 25. dxc4 Bxc2 26. cxd5 cxd5 27. Kh2 Bh7 28. Nf3
Nb3 29. Ra2 Bc5 30. Qe2 Red8 31. N1d2 d4 32. cxd4 Nxd4 33. Nxd4 Bxd4 34. Nf3
Qd5 35. Raa1 Bxb2 36. Rad1 Qb3 0-1

[Event "NCL978 Guildford-Richmond"]
[Site "Rd5"]
[Date "1998.01.24"]
[Round "5.8"]
[White "Norman, Dinah"]
[Black "Ashby, Ann-Marie"]
[Result "0-1"]
[WhiteElo "1776"]
[BlackElo "2115"]
[PlyCount "86"]
[EventDate "1998.01.24"]
[Source "4NCL"]
[SourceDate "1998.01.01"]

1. d4 e6 2. e4 d5 3. Nd2 Nf6 4. e5 Nfd7 5. Bd3 c5 6. c3 Nc6 7. Ne2 cxd4 8. cxd4
f6 9. exf6 Nxf6 10. Nf3 Bd6 11. O-O Qc7 12. Bg5 O-O 13. Bh4 Bd7 14. Bg3 Be8 15.
Bxd6 Qxd6 16. Ng3 Kh8 17. a3 Qf4 18. Be2 Bg6 19. Rc1 h5 20. Rxc6 bxc6 21. Ne5
Be8 22. Nxh5 Qh6 23. Nxf6 gxf6 24. Ng4 Qg7 25. Qb3 Bd7 26. Qh3+ Qh7 27. Qe3 Kg7
28. Bd3 Qh4 29. f3 Rh8 30. g3 Qh5 31. Qf4 Raf8 32. h4 Qe8 33. Qc7 Rf7 34. Qxa7
e5 35. Qc5 e4 36. Be2 Qb8 37. f4 Qxb2 38. Rf2 Ra8 39. Ne3 Qxa3 40. Nf1 Qxc5 41.
dxc5 Ra1 42. Bh5 Re7 43. Kg2 Rc1 0-1

[Event "NCL978 Bristol-BCM"]
[Site "Rd5"]
[Date "1998.01.24"]
[Round "5.1"]
[White "Ansell, Simon"]
[Black "Mestel, Jonathan"]
[Result "0-1"]
[WhiteElo "2380"]
[BlackElo "2480"]
[PlyCount "80"]
[EventDate "1998.01.24"]
[Source "4NCL"]
[SourceDate "1998.01.01"]

1. e4 g6 2. d4 d6 3. Nc3 c6 4. Nf3 Bg7 5. Be3 Nf6 6. Qd2 b5 7. Bd3 O-O 8. Bh6
b4 9. Ne2 a5 10. Bxg7 Kxg7 11. Ng3 Bg4 12. Ng5 e5 13. h3 Bc8 14. dxe5 dxe5 15.
f4 Qd6 16. f5 Nbd7 17. fxg6 fxg6 18. Qe3 h6 19. Nf3 Qc5 20. Qxc5 Nxc5 21. Nxe5
Re8 22. Nf3 Nfxe4 23. Nxe4 Nxe4 24. O-O Bb7 25. a3 c5 26. Rfe1 Nd6 27. axb4
axb4 28. Rxa8 Rxe1+ 29. Nxe1 Bxa8 30. Kf2 Kf6 31. Ke3 g5 32. c3 b3 33. g3 Bd5
34. h4 c4 35. Bb1 gxh4 36. gxh4 Nf5+ 37. Bxf5 Kxf5 38. Kd4 Ke6 39. Ke3 h5 40.
Kd4 Kd6 0-1

[Event "NCL978 Bristol-BCM"]
[Site "Rd5"]
[Date "1998.01.24"]
[Round "5.2"]
[White "Chandler, Murray"]
[Black "Baker, Chris W"]
[Result "1/2-1/2"]
[WhiteElo "2555"]
[BlackElo "2340"]
[PlyCount "129"]
[EventDate "1998.01.24"]
[Source "4NCL"]
[SourceDate "1998.01.01"]

1. e4 e6 2. d4 d5 3. Nc3 Nf6 4. Bg5 Bb4 5. exd5 exd5 6. Qf3 Qe7+ 7. Nge2 Qe4 8.
Bxf6 Qxf3 9. gxf3 gxf6 10. a3 Bxc3+ 11. Nxc3 Be6 12. Bd3 Nc6 13. Ne2 Kd7 14.
O-O-O Rag8 15. Rdg1 Ne7 16. Nf4 Rg5 17. Rg3 Ng6 18. Ne2 Nh4 19. f4 Rh5 20. Rg7
f5 21. Rg3 Ng6 22. Kd2 Kd6 23. c3 Rh4 24. Rf3 Re8 25. h3 Bd7 26. Rg1 h6 27. b3
b6 28. c4 c6 29. Rc1 Re7 30. c5+ Kc7 31. b4 Re8 32. a4 Rb8 33. b5 bxc5 34. Rxc5
Kd6 35. bxc6 Bxc6 36. Ra5 Rb2+ 37. Bc2 Rb7 38. Bxf5 Ne7 39. Bc2 Nc8 40. Ra6 Rb2
41. a5 Kd7 42. Nc3 Kc7 43. Kc1 Rb4 44. Ba4 Rxa4 45. Rxc6+ Kxc6 46. Nxa4 Kb5 47.
Nc3+ Kc4 48. Ne2 Nd6 49. Rc3+ Kb4 50. Rc5 Rxh3 51. Rxd5 Ne4 52. Rd7 a6 53. Rxf7
Kxa5 54. Kc2 h5 55. f3 Rxf3 56. Rf5+ Kb4 57. Rxh5 Ng3 58. Nxg3 Rxg3 59. Rc5 Rg4
60. Kd3 Rxf4 61. Rc8 Rf3+ 62. Ke4 Rf1 63. d5 a5 64. d6 Rd1 65. Ke5 1/2-1/2

[Event "NCL978 Bristol-BCM"]
[Site "Rd5"]
[Date "1998.01.24"]
[Round "5.3"]
[White "Buckley, Graeme"]
[Black "Wall, Tim"]
[Result "0-1"]
[WhiteElo "2315"]
[BlackElo "2375"]
[PlyCount "59"]
[EventDate "1998.01.24"]
[Source "4NCL"]
[SourceDate "1998.01.01"]

1. d4 Nf6 2. c4 e5 3. dxe5 Ne4 4. a3 d6 5. exd6 Bxd6 6. Nd2 Bf5 7. e3 Qe7 8.
Ngf3 Nc6 9. Be2 O-O-O 10. O-O Rhe8 11. Qb3 Qf6 12. Nxe4 Bxe4 13. Bd2 Qh6 14. g3
Qh3 15. Bc3 Re6 16. Rfd1 g5 17. Rd2 g4 18. Nh4 Rh6 19. f4 gxf3 20. Bf1 Qg4 21.
Rxd6 Rdxd6 22. c5 Rxh4 23. cxd6 f2+ 24. Kxf2 Rxh2+ 25. Ke1 Qxg3+ 26. Kd1 Qf3+
27. Kc1 Qxf1+ 28. Qd1 Rc2+ 29. Kb1 Qxd1+ 30. Ka2 0-1

[Event "NCL978 Bristol-BCM"]
[Site "Rd5"]
[Date "1998.01.24"]
[Round "5.4"]
[White "Friedgood, David"]
[Black "Mah, Karl"]
[Result "1-0"]
[WhiteElo "2240"]
[BlackElo "2340"]
[PlyCount "59"]
[EventDate "1998.01.24"]
[Source "4NCL"]
[SourceDate "1998.01.01"]

1. c4 e5 2. Nc3 Nc6 3. Nf3 Nf6 4. e4 Bc5 5. Nxe5 Nxe5 6. d4 Bb4 7. dxe5 Nxe4 8.
Qd4 f5 9. exf6 Bxc3+ 10. bxc3 Nxf6 11. c5 Qe7+ 12. Be3 Qe4 13. Bc4 Qxd4 14.
Bxd4 b6 15. O-O-O Bb7 16. Rhe1+ Kd8 17. Bxf6+ gxf6 18. Be6 d6 19. cxd6 Bxg2 20.
Rg1 Bf3 21. Rg7 {#Diagram} Bxd1 22. dxc7+ Ke8 23. Kxd1 Kf8 24. Rf7+ Ke8 25. Ke2
h5 26. h4 f5 27. Rg7 Kf8 28. Rd7 Ke8 29. Bxf5 Rh6 30. Rd4 1-0

[Event "NCL978 Bristol-BCM"]
[Site "Rd5"]
[Date "1998.01.24"]
[Round "5.5"]
[White "Beaumont, Chris"]
[Black "Lyell, Mark"]
[Result "1-0"]
[WhiteElo "2335"]
[BlackElo "2235"]
[PlyCount "93"]
[EventDate "1998.01.24"]
[Source "4NCL"]
[SourceDate "1998.01.01"]

1. d4 f5 2. Nf3 Nf6 3. g3 g6 4. Bg2 Bg7 5. O-O O-O 6. c4 d6 7. b3 Qe8 8. Bb2 h6
9. Nbd2 g5 10. Qc2 Qh5 11. d5 c5 12. e4 fxe4 13. Nxe4 Bg4 14. Nxf6+ Bxf6 15.
Bxf6 Rxf6 16. Nd2 Nd7 17. Rae1 Be2 18. Ne4 Bxf1 19. Nxf6+ Nxf6 20. Bxf1 Ng4 21.
h3 Ne5 22. Bg2 Rf8 23. Qc3 Qg6 24. Re2 Rf7 25. Be4 Qg7 26. Qa5 a6 27. Qb6 Ng6
28. Bxg6 Qxg6 29. Qxb7 Qb1+ 30. Kg2 Qd1 31. Qc8+ Kg7 32. Qe6 Qd4 33. Qe3 Qf6
34. a3 Qa1 35. b4 cxb4 36. axb4 Qb1 37. Qc3+ Kg8 38. c5 Qd1 39. Qd2 Qxd2 40.
Rxd2 dxc5 41. bxc5 Rf8 42. c6 Kg7 43. Re2 Kf7 44. Ra2 Ra8 45. Kf3 Kf6 46. Ke4
Ra7 47. Kd4 1-0

[Event "NCL978 Bristol-BCM"]
[Site "Rd5"]
[Date "1998.01.24"]
[Round "5.6"]
[White "Bellin, Jana"]
[Black "Copeland, Graham"]
[Result "1/2-1/2"]
[WhiteElo "2175"]
[BlackElo "2330"]
[PlyCount "31"]
[EventDate "1998.01.24"]
[Source "4NCL"]
[SourceDate "1998.01.01"]

1. d4 Nf6 2. c4 e6 3. Nf3 b6 4. g3 Ba6 5. Nbd2 Bb7 6. Bg2 c5 7. e4 cxd4 8. e5
Ne4 9. Nxe4 Bxe4 10. Qxd4 Bb4+ 11. Bd2 Bxf3 12. Bxf3 Nc6 13. Bxc6 Bxd2+ 14.
Qxd2 dxc6 15. Rd1 Qxd2+ 16. Rxd2 1/2-1/2

[Event "NCL978 Bristol-BCM"]
[Site "Rd5"]
[Date "1998.01.24"]
[Round "5.7"]
[White "Cobb, Charles"]
[Black "Anderton, David"]
[Result "1/2-1/2"]
[WhiteElo "2300"]
[BlackElo "2200"]
[PlyCount "60"]
[EventDate "1998.01.24"]
[Source "4NCL"]
[SourceDate "1998.01.01"]

1. d4 Nf6 2. Nf3 e6 3. g3 d5 4. Bg2 c5 5. O-O Nc6 6. c4 cxd4 7. Nxd4 Be7 8. Nc3
O-O 9. cxd5 exd5 10. Bf4 Be6 11. Rc1 Qd7 12. Na4 Bh3 13. Nc5 Bxc5 14. Rxc5 Bxg2
15. Kxg2 Ne4 16. Rc1 h6 17. f3 Ng5 18. Bxg5 hxg5 19. Qd2 Rfe8 20. Rf2 Re5 21.
Qc3 Rae8 22. Nxc6 bxc6 23. Qxc6 Qf5 24. Qc2 Qe6 25. Re1 Re3 26. Qd2 Qe5 27. Kf1
d4 28. Rd1 Rd8 29. Qc2 Qe6 30. a3 a5 1/2-1/2

[Event "NCL978 Bristol-BCM"]
[Site "Rd5"]
[Date "1998.01.24"]
[Round "5.8"]
[White "Wareing, John"]
[Black "Buckley, Melanie"]
[Result "1/2-1/2"]
[WhiteElo "1936"]
[BlackElo "2010"]
[PlyCount "76"]
[EventDate "1998.01.24"]
[Source "4NCL"]
[SourceDate "1998.01.01"]

1. e4 d6 2. d4 Nf6 3. Nc3 e5 4. Nf3 Nbd7 5. h3 Be7 6. Be3 c6 7. Qd2 O-O 8. Bd3
b6 9. Ne2 Qc7 10. Ng3 exd4 11. Nxd4 Nc5 12. O-O Nxd3 13. cxd3 c5 14. Ndf5 Bxf5
15. Nxf5 d5 16. Bf4 Qd7 17. Be5 Ne8 18. Qf4 f6 19. Qg4 Rd8 20. Nxe7+ Qxe7 21.
Bg3 dxe4 22. dxe4 Nd6 23. Rfe1 Nf7 24. Rad1 Ne5 25. Qe2 Nc6 26. f3 Nd4 27. Qc4+
Qf7 28. Qxf7+ Kxf7 29. Bf2 Ne6 30. Be3 Rxd1 31. Rxd1 Rd8 32. Rxd8 Nxd8 33. Kf1
Ke6 34. Ke2 Nc6 35. Kd2 a6 36. Kc3 Kd6 37. Bf4+ Ne5 38. Bg3 Ke6 1/2-1/2

[Event "NCL978 NW Eagles-SW Dragons"]
[Site "Rd5"]
[Date "1998.01.24"]
[Round "5.1"]
[White "Littlewood, John"]
[Black "Cummings, David"]
[Result "1/2-1/2"]
[WhiteElo "2290"]
[BlackElo "2365"]
[PlyCount "55"]
[EventDate "1998.01.24"]
[Source "4NCL"]
[SourceDate "1998.01.01"]

1. e4 c5 2. c3 d5 3. exd5 Qxd5 4. d4 Nf6 5. Nf3 Bg4 6. Be2 e6 7. O-O Nc6 8. Na3
Be7 9. Nb5 Qd8 10. dxc5 Bxc5 11. b4 Be7 12. h3 Bh5 13. Nfd4 Nxd4 14. Nxd4 Bxe2
15. Qxe2 O-O 16. Rd1 {(Draw offer)} Qc7 17. Bb2 Rac8 18. Nb5 Qb6 19. c4 a6 20.
Nd6 Bxd6 21. Bxf6 gxf6 22. c5 Bxc5 23. bxc5 Rxc5 24. Rab1 Rb5 25. Qg4+ Kh8 26.
Qh4 e5 27. Rxb5 axb5 28. Rd7 1/2-1/2

[Event "NCL978 NW Eagles-SW Dragons"]
[Site "Rd5"]
[Date "1998.01.24"]
[Round "5.2"]
[White "Cooper, John"]
[Black "Quillan, Gary"]
[Result "0-1"]
[WhiteElo "2335"]
[BlackElo "2320"]
[PlyCount "74"]
[EventDate "1998.01.24"]
[Source "4NCL"]
[SourceDate "1998.01.01"]

1. Nf3 c5 2. c4 Nc6 3. Nc3 g6 4. e3 Nf6 5. d4 cxd4 6. exd4 d5 7. cxd5 Nxd5 8.
Qb3 Nxc3 9. Bc4 Nd5 10. Bxd5 e6 11. Bxc6+ bxc6 12. O-O Bg7 13. Qa3 Qe7 14. b3
c5 15. Bg5 f6 16. Bf4 g5 17. Bg3 g4 18. Nd2 cxd4 19. Bd6 Qf7 20. Rac1 Bd7 21.
Rc7 e5 22. Rfc1 Bh6 23. Rxa7 Rd8 24. Ra8 Qd5 25. Rxd8+ Kxd8 26. Qb4 Qb5 27. Qa3
Qd5 28. Be7+ Ke8 29. Bxf6 Bf8 30. Qa7 Rg8 31. Re1 Bc5 32. Qc7 Bd6 33. Qc2 d3
34. Qc3 Kf7 35. Bxe5 Re8 36. Nc4 d2 37. Nxd6+ Qxd6 {time} 0-1

[Event "NCL978 NW Eagles-SW Dragons"]
[Site "Rd5"]
[Date "1998.01.24"]
[Round "5.3"]
[White "Lund, Brett"]
[Black "Dineley, Richard"]
[Result "1-0"]
[WhiteElo "2255"]
[BlackElo "2270"]
[PlyCount "71"]
[EventDate "1998.01.24"]
[Source "4NCL"]
[SourceDate "1998.01.01"]

1. g3 d5 2. Bg2 Nf6 3. f4 g6 4. Nf3 Bg7 5. O-O O-O 6. d3 c5 7. Qe1 Nc6 8. h3 d4
9. Na3 Nd5 10. Nc4 b5 11. Nce5 Nxe5 12. Nxe5 Bb7 13. c4 dxc3 14. bxc3 Qc7 15.
e4 Nb6 16. Rb1 a6 17. c4 Nd7 18. Ng4 Nf6 19. Ne3 e6 20. Bb2 Bc6 21. Be5 Qe7 22.
Qc3 Rac8 23. Ng4 Nh5 24. Bxg7 Nxg7 25. f5 Qd6 26. fxg6 fxg6 27. Nh6+ Kh8 28.
Nf7+ Rxf7 29. Rxf7 Qd4+ 30. Qxd4 cxd4 31. e5 Bxg2 32. Kxg2 bxc4 33. dxc4 Rd8
34. g4 d3 35. Rd1 Kg8 36. Rf3 1-0

[Event "NCL978 NW Eagles-SW Dragons"]
[Site "Rd5"]
[Date "1998.01.24"]
[Round "5.4"]
[White "Morris, Charles"]
[Black "Tebb, David"]
[Result "0-1"]
[WhiteElo "2245"]
[BlackElo "2260"]
[PlyCount "92"]
[EventDate "1998.01.24"]
[Source "4NCL"]
[SourceDate "1998.01.01"]

1. Nf3 Nf6 2. d4 g6 3. c4 Bg7 4. g3 O-O 5. Bg2 d5 6. cxd5 Nxd5 7. e4 Nb6 8. h3
c5 9. dxc5 Qxd1+ 10. Kxd1 Na4 11. Kc2 f5 12. e5 Nxc5 13. Nc3 Nc6 14. Be3 Nb4+
15. Kd1 Rd8+ 16. Nd2 Ncd3 17. f4 Nxb2+ 18. Ke2 Nc2 19. Rac1 Nxe3 20. Kxe3 Be6
21. Bxb7 Rd3+ 22. Ke2 Rad8 23. Rc2 Rxg3 24. Bf3 Nd3 25. Ke3 Bh6 26. Ne2 Nb4 27.
Rb2 Rd3+ 28. Kf2 Rgxf3+ 29. Nxf3 Bd5 30. Rxb4 Rxf3+ 31. Ke1 Bxa2 32. Ra4 Bd5
33. Rh2 Kf7 34. h4 Be4 35. Rf2 Rh3 36. Rxa7 Rxh4 37. Kd2 Rh3 38. Nd4 Rd3+ 39.
Ke2 Rxd4 40. Rh2 Bg7 41. Rxh7 Bd5 42. Ra5 Bc4+ 43. Ke3 Re4+ 44. Kf3 Be2+ 45.
Kg3 g5 46. fxg5 Kg6 0-1

[Event "NCL978 NW Eagles-SW Dragons"]
[Site "Rd5"]
[Date "1998.01.24"]
[Round "5.5"]
[White "Merriman, John"]
[Black "Dyce, Andrew"]
[Result "0-1"]
[WhiteElo "2255"]
[BlackElo "2230"]
[PlyCount "62"]
[EventDate "1998.01.24"]
[Source "4NCL"]
[SourceDate "1998.01.01"]

1. d4 Nf6 2. c4 e6 3. Nc3 Bb4 4. e3 Bxc3+ 5. bxc3 b6 6. Bd3 Bb7 7. Nf3 Ne4 8.
Qc2 f5 9. O-O O-O 10. Nd2 Nxd2 11. Bxd2 d6 12. f3 Nd7 13. Rae1 Qf6 14. e4 c5
15. Kh1 f4 16. e5 dxe5 17. Bxh7+ Kh8 18. Be4 Bxe4 19. Rxe4 Qg6 20. Qa4 Rad8 21.
Rfe1 cxd4 22. Qxa7 Nf6 23. Rxe5 Ra8 24. Qxb6 Nd7 25. Rxe6 Nxb6 26. Rxg6 Nxc4
27. Bc1 d3 28. Rd1 Rxa2 29. Rxd3 Ra1 30. Rd1 Rb8 31. Rc6 Rbb1 0-1

[Event "NCL978 NW Eagles-SW Dragons"]
[Site "Rd5"]
[Date "1998.01.24"]
[Round "5.6"]
[White "James, David J"]
[Black "Clarke, Stuart"]
[Result "0-1"]
[WhiteElo "2255"]
[BlackElo "2285"]
[PlyCount "58"]
[EventDate "1998.01.24"]
[Source "4NCL"]
[SourceDate "1998.01.01"]

1. d4 e6 2. c4 Nf6 3. Nc3 Bb4 4. Qc2 c5 5. dxc5 Na6 6. a3 Bxc3+ 7. Qxc3 Nxc5 8.
f3 O-O 9. e4 d6 10. Ne2 Qc7 11. Nd4 e5 12. Nc2 Be6 13. Ne3 Rac8 14. Be2 a6 15.
Bd2 b5 16. Nd5 Bxd5 17. cxd5 Nfd7 18. Rc1 Qb7 19. Qe3 f5 20. Bd3 f4 21. Qe2 Qb6
22. g4 Nxd3+ 23. Qxd3 Rxc1+ 24. Bxc1 Rc8 25. Ke2 Nc5 26. Qd1 b4 27. Bd2 Qb5+
28. Kf2 Nd3+ 29. Kg2 Nxb2 0-1

[Event "NCL978 NW Eagles-SW Dragons"]
[Site "Rd5"]
[Date "1998.01.24"]
[Round "5.7"]
[White "Giblin, William"]
[Black "Spice, Alan"]
[Result "1-0"]
[WhiteElo "2160"]
[BlackElo "2190"]
[PlyCount "93"]
[EventDate "1998.01.24"]
[Source "4NCL"]
[SourceDate "1998.01.01"]

1. d4 e6 2. Nf3 f5 3. g3 Nf6 4. Bg2 d6 5. O-O Be7 6. c4 O-O 7. Nc3 Qe8 8. Re1
Ne4 9. Qc2 Qg6 10. Nd2 Nxc3 11. bxc3 e5 12. c5 Nc6 13. d5 Nd8 14. cxd6 cxd6 15.
c4 Bd7 16. a4 Rc8 17. a5 Qh5 18. Bf3 Qf7 19. Qb3 {(Draw offer)} Kh8 20. Ba3 Rc7
21. Qe3 e4 22. Bg2 f4 23. Qxf4 Qxf4 24. gxf4 Rxf4 25. e3 Rg4 26. Nxe4 Rxc4 27.
Nxd6 Bxd6 28. Bxd6 Rg6 29. Bg3 h5 30. Rec1 Rb4 31. h4 Bf5 32. e4 Bxe4 33. Rc8
Bxg2 34. Rxd8+ Kh7 35. Kxg2 Rxh4 36. Rh1 Rxh1 37. Kxh1 h4 38. Be5 Rg5 39. f4
Rg3 40. d6 g5 41. Rh8+ Kg6 42. Rg8+ Kf7 43. Rxg5 Ra3 44. Rg7+ Ke6 45. Re7+ Kf5
46. d7 Rd3 47. Bc7 1-0

[Event "NCL978 Richmond-Midland Ms"]
[Site "Rd6"]
[Date "1998.01.25"]
[Round "6.1"]
[White "McShane, Luke"]
[Black "Hebden, Mark"]
[Result "1-0"]
[WhiteElo "2490"]
[BlackElo "2585"]
[PlyCount "143"]
[EventDate "1998.01.25"]
[Source "4NCL"]
[SourceDate "1998.01.01"]

1. e4 e5 2. Nf3 Nc6 3. Bb5 a6 4. Ba4 Nf6 5. O-O Be7 6. Re1 b5 7. Bb3 O-O 8. d4
d6 9. c3 Bg4 10. a3 exd4 11. cxd4 d5 12. exd5 Bxf3 13. gxf3 Nxd5 14. Nc3 Nxc3
15. bxc3 Bd6 16. f4 Na5 17. Bc2 Qh4 18. Qf3 Rae8 19. Be3 Nc4 20. a4 bxa4 21.
Bxa4 Re6 22. Bb3 Rg6+ 23. Kh1 Nxe3 24. fxe3 a5 25. Re2 Rb8 26. Bc2 Qg4 27. Qxg4
Rxg4 28. Rxa5 g6 29. c4 Bb4 30. Ra7 c5 31. d5 Rd8 32. Bd1 Rh4 33. Rea2 Kg7 34.
Re7 Bc3 35. Raa7 Rf8 36. d6 Bf6 37. Ba4 g5 38. fxg5 Bxg5 39. Bb5 Rh6 40. Re5
Bd8 41. Ra6 Re6 42. Rxc5 Rxe3 43. Ra1 f5 44. Rc8 f4 45. c5 f3 46. c6 f2 47. Rf1
Re6 {#Diagram} 48. c7 Rxd6 49. cxd8=Q Rdxd8 50. Rxd8 Rxd8 51. Rxf2 Rd5 52. Be2
Rd7 53. Kg2 Ra7 54. Bf3 Rc7 55. Kg3 Ra7 56. Rb2 Rc7 57. Kf4 Rf7+ 58. Kg4 Re7
59. Rb6 Rc7 60. Be4 Rf7 61. Kg5 Rc7 62. h4 Re7 63. Bf5 Rf7 64. Ra6 Rf8 65. Be4
Rf1 66. Rh6 Rg1+ 67. Kh5 Re1 68. Rxh7+ Kg8 69. Bg6 Re8 70. Kh6 Rf8 71. Ra7 Kh8
72. Bf7 1-0

[Event "NCL978 Richmond-Midland Ms"]
[Site "Rd6"]
[Date "1998.01.28"]
[Round "6.2"]
[White "Rowson, Jonathan"]
[Black "Bates, Richard"]
[Result "1-0"]
[WhiteElo "2485"]
[BlackElo "2430"]
[PlyCount "61"]
[EventDate "1998.01.25"]
[Source "4NCL"]
[SourceDate "1998.01.01"]

1. d4 Nf6 2. c4 c5 3. d5 g6 4. Nc3 Bg7 5. e4 d6 6. Nge2 O-O 7. Ng3 e6 8. Be2
exd5 9. cxd5 b6 10. O-O Ba6 11. Bg5 Re8 12. f4 Bxe2 13. Qxe2 h6 14. Bxf6 Bxf6
15. e5 dxe5 16. Nge4 Bg7 17. f5 {#Diagram} Qd7 18. g4 a6 19. fxg6 fxg6 20. Rf6
b5 21. Raf1 b4 22. Rxg6 Kh8 23. Nf6 Qf7 24. Rxg7 Qxg7 25. Nxe8 Qe7 26. Ne4 Qxe8
27. Rf6 Nd7 28. Rxh6+ Kg8 29. Qe3 Qe7 30. Rg6+ Kf7 31. Qh6 1-0

[Event "NCL978 Richmond-Midland Ms"]
[Site "Rd6"]
[Date "1998.01.26"]
[Round "6.3"]
[White "Williams, Simon"]
[Black "Arkell, Keith"]
[Result "1/2-1/2"]
[WhiteElo "2315"]
[BlackElo "2455"]
[PlyCount "70"]
[EventDate "1998.01.25"]
[Source "4NCL"]
[SourceDate "1998.01.01"]

1. c4 c5 2. Nc3 Nc6 3. g3 g6 4. Bg2 Bg7 5. d3 Nf6 6. e4 O-O 7. Nge2 d6 8. O-O
Rb8 9. h3 a6 10. a4 Ne8 11. Be3 Nc7 12. d4 cxd4 13. Nxd4 Nxd4 14. Bxd4 Bxd4 15.
Qxd4 Ne6 16. Qe3 Re8 17. Nd5 Bd7 18. a5 Nc7 19. Nb6 Na8 20. Nxd7 Qxd7 21. e5
dxe5 22. Qxe5 Qc7 23. Qxc7 Nxc7 24. Rfd1 b6 25. axb6 Rxb6 26. c5 Rxb2 27. Rd7
Ne6 28. Rc1 Reb8 29. c6 Rb1 30. Rxb1 Rxb1+ 31. Kh2 Rc1 32. Rxe7 Kg7 33. Ra7 Rc5
34. Rxa6 Rc2 35. Kg1 Rc1+ 1/2-1/2

[Event "NCL978 Richmond-Midland Ms"]
[Site "Rd6"]
[Date "1998.01.25"]
[Round "6.4"]
[White "Parker, Jonathan"]
[Black "Wall, Gavin"]
[Result "1/2-1/2"]
[WhiteElo "2515"]
[BlackElo "2320"]
[PlyCount "39"]
[EventDate "1998.01.25"]
[Source "4NCL"]
[SourceDate "1998.01.01"]

1. d4 f5 2. g3 Nf6 3. Bg2 g6 4. Nh3 e6 5. Nf4 d6 6. Nc3 d5 7. O-O Nc6 8. b3 Bb4
9. Bb2 O-O 10. e3 Bd7 11. Nce2 Ne7 12. c4 c6 13. Nd3 Bd6 14. Ne5 g5 15. f3 Be8
16. Nc1 Ng6 17. Ncd3 Qe7 18. Qe2 Rd8 19. a4 Qg7 20. a5 1/2-1/2

[Event "NCL978 Richmond-Midland Ms"]
[Site "Rd6"]
[Date "1998.01.25"]
[Round "6.5"]
[White "Phillips, Roy"]
[Black "Turner, Matthew"]
[Result "0-1"]
[WhiteElo "2230"]
[BlackElo "2470"]
[PlyCount "112"]
[EventDate "1998.01.25"]
[Source "4NCL"]
[SourceDate "1998.01.01"]

1. e4 c5 2. Nf3 Nc6 3. d3 g6 4. g3 Bg7 5. Bg2 d6 6. O-O Nf6 7. a4 O-O 8. Na3 e5
9. Nc4 h6 10. c3 Be6 11. Re1 Qc7 12. Qc2 Rad8 13. Bd2 Rfe8 14. Rad1 Kh7 15. Bc1
b6 16. Qe2 d5 17. exd5 Bxd5 18. Qf1 a6 19. Nh4 Re7 20. f4 Bxg2 21. Qxg2 e4 22.
dxe4 Rxe4 23. Ne3 Na5 24. Rxd8 Qxd8 25. Rd1 Qe8 26. Nf1 Qxa4 27. Rd8 Re1 28.
Bd2 Rb1 29. f5 Qe4 30. fxg6+ fxg6 31. b4 cxb4 32. cxb4 Nc4 33. Nf3 Ne3 34. Bxe3
Qxe3+ 35. Qf2 Qxf2+ 36. Kxf2 Rxb4 37. Ne3 a5 38. Nd2 a4 39. h4 b5 40. Ra8 Rb2
41. Ke1 Nh5 42. g4 Bc3 43. gxh5 Bxd2+ 44. Ke2 Bxe3+ 45. Kxe3 gxh5 46. Kf4 Kg6
47. Ra6+ Kf7 48. Kf5 Ke7 49. Kg6 Rd2 50. Kxh5 Rd5+ 51. Kg4 Rd6 52. Ra5 Rb6 53.
Kf4 Kd6 54. Ke4 Kc5 55. Kd3 Kb4 56. Ra8 Kb3 0-1

[Event "NCL978 Richmond-Midland Ms"]
[Site "Rd6"]
[Date "1998.01.25"]
[Round "6.6"]
[White "Ferguson, Mark"]
[Black "Hinks-Edwards, Tom"]
[Result "0-1"]
[WhiteElo "2410"]
[BlackElo "2260"]
[PlyCount "66"]
[EventDate "1998.01.25"]
[Source "4NCL"]
[SourceDate "1998.01.01"]

1. e4 Nf6 2. e5 Nd5 3. d4 d6 4. Nf3 g6 5. Bc4 Nb6 6. Bb3 Bg7 7. Qe2 Nc6 8. O-O
O-O 9. h3 Na5 10. Bg5 Nxb3 11. axb3 f6 12. Bh4 g5 13. Bg3 Bf5 14. Re1 h6 15. c4
Bg6 16. c5 Nc8 17. h4 g4 18. Nfd2 h5 19. Qb5 Rb8 20. cxd6 exd6 21. Qd5+ Kh8 22.
exd6 Nxd6 23. Rxa7 Nf5 24. Qxd8 Rbxd8 25. Rxb7 Nxg3 26. fxg3 f5 27. Rxc7 {
#Diagram} Bxd4+ 28. Kh2 f4 29. gxf4 Bf2 30. Rec1 g3+ 31. Kh1 Bxb1 32. Nf1 Rxf4
33. R7c4 Rxc4 0-1

[Event "NCL978 Richmond-Midland Ms"]
[Site "Rd6"]
[Date "1998.01.25"]
[Round "6.7"]
[White "Franklin, Michael"]
[Black "Webster, Andrew"]
[Result "1-0"]
[WhiteElo "2195"]
[BlackElo "2420"]
[PlyCount "79"]
[EventDate "1998.01.25"]
[Source "4NCL"]
[SourceDate "1998.01.01"]

1. c4 g6 2. Nc3 Bg7 3. g3 Nf6 4. Bg2 O-O 5. e3 c6 6. Nge2 d5 7. cxd5 cxd5 8.
Qb3 e6 9. O-O Nc6 10. d4 Na5 11. Qd1 Bd7 12. b3 Qe7 13. Bd2 b6 14. Nf4 Rfc8 15.
Nd3 Rc7 16. Re1 Rac8 17. Rc1 Bf8 18. Bf1 Qa3 19. Qf3 Kg7 20. g4 h6 21. h4 Be7
22. Qg3 Bd6 23. Qg2 h5 24. g5 Ng8 25. f3 b5 26. Rc2 Nb7 27. Rec1 Ne7 28. e4 Qa6
29. b4 Qb6 30. Qf2 Nc6 31. Nc5 {#Diagram} Nxb4 32. Nxd7 Rxd7 33. Nxd5 exd5 34.
Rxc8 Nxa2 35. R1c6 Bg3 36. Qxg3 Qxd4+ 37. Qf2 dxe4 38. Qxd4+ Rxd4 39. Rc2 Nd6
40. Rxa2 1-0

[Event "NCL978 Richmond-Midland Ms"]
[Site "Rd6"]
[Date "1998.01.25"]
[Round "6.8"]
[White "Regan, Natasha"]
[Black "Norman, Dinah"]
[Result "1-0"]
[WhiteElo "2160"]
[BlackElo "1776"]
[PlyCount "149"]
[EventDate "1998.01.25"]
[Source "4NCL"]
[SourceDate "1998.01.01"]

1. e4 c6 2. d4 d5 3. e5 Bf5 4. Nc3 e6 5. g4 Bg6 6. Nge2 h6 7. Be3 Bb4 8. a3
Bxc3+ 9. Nxc3 Ne7 10. f4 h5 11. Bh3 hxg4 12. Bxg4 Nf5 13. Bf2 Nh6 14. Be2 Bf5
15. Rg1 g6 16. Qd2 Nd7 17. O-O-O Qe7 18. Qe1 Ng8 19. Rg5 O-O-O 20. Bh4 f6 21.
exf6 Ngxf6 22. Rg2 Qh7 23. Bg5 Qh3 24. Bf1 Qh7 25. Bd3 Rde8 26. Kb1 Qf7 27. Na4
Ne4 28. Qa5 Kb8 29. Qb4 Qf8 30. Qb3 Qd6 31. Ba6 Qc7 32. Ka2 Ka8 33. Bd3 Rh3 34.
Qb4 Nxg5 35. Bxf5 exf5 36. Rxg5 Qxf4 37. Rxg6 Rxh2 38. Rg7 Nb6 39. Re1 Rhh8 40.
Ree7 Rxe7 41. Rxe7 Qf1 42. Nc5 Qc4+ 43. Qxc4 Nxc4 44. Rxb7 Rb8 45. Rxb8+ Kxb8
46. b3 Nd2 47. Nd3 Kc7 48. Kb2 Ne4 49. c3 Nd6 50. Kc2 Ne4 51. Nf4 Nd6 52. Kd3
Ne4 53. Ne2 Kd6 54. Ke3 Ke6 55. b4 Nd6 56. Kf4 Kf6 57. a4 a6 58. a5 Ne4 59. Ke3
Kg5 60. Kf3 Nd2+ 61. Ke3 Nc4+ 62. Kf2 Kg4 63. Nc1 Nd6 64. Nd3 Ne4+ 65. Kf1 Nxc3
66. Nc5 Nb5 67. Nxa6 Kf3 68. Nb8 Na7 69. a6 Ke4 70. Nxc6 Nb5 71. Ke2 f4 72. Kf2
f3 73. Nd8 Kxd4 74. Nb7 Kc4 75. Nd6+ 1-0